000 00297nam a22001337a 4500
008 170412b xxu||||| |||| 00| 0 eng d
020 _a9780838586778
041 _aeng
080 _22 ED
_a618
100 _a10
101 _aSHM
245 _aOPERATIVE OBSTETRICS
_cRAMIN.S.M
942 _2udc
_cBK
999 _c10455
_d10455